000 01137nam a22002537a 4500
005 20090907142418.0
008 090907t xxu||||| |||| 00| 0 hin d
010 _aB-357218
020 _c90.00
_a9788190218093
035 _aB-357218
037 _bDBAD / PUB
040 _adpl
_bhn
082 _a598
100 _aजैन, संतोष कुमारी
245 _aविश्व का पहला पक्षी /
_cसंतोष कुमारी जैन
246 _aVishwa Ka Pahla Pakshi
_bby Santosh Kumari Jain
260 _aदिल्ली
_bविशाल पुस्तक भण्डार
_c2009
270 _aएफ-14/28, मॉडल टाउन सेकेण्ड स्टाप,
_bदिल्ली
_e110009
300 _a28पृ.
_bसचित्र
_c24सेमी (सजिल्द)
650 _2पक्षी
650 _2Birds
942 _2ddc
_cCH
_mजैनसं
_h598
999 _c30144
_d30144